000 00679pam a2200241 a 4500
001 2912290
005 20180223080722.0
008 881011s1989 nyu b 001 0 eng c
010 _a 88039817
020 _a030643041X
040 _aDNLM/DLC
_cDLC
_dDLC
041 _aeng
060 _aWM 270 S384d
080 _a616.86 SCHU
082 0 0 _a616.86 SCHU
_219
100 1 _a3
101 _aSHM
245 1 0 _aDrug and alcohol abuse :
_cMarc A. Schuckit.
504 _aIncludes bibliographies and index.
906 _a7
_bcbc
_corignew
_d1
_eocip
_f19
_gy-gencatlg
942 _2ddc
_cBK
999 _c43287
_d43287